[Event "XXIX Miedzynarodowy Festiwal Szachowy CRACOVIA-2018 Grupa A"]
[Site "Krakow, Hotel Galaxy, ul. Gesia 22a"]
[Date "2019.??.??"]
[Round "7.64"]
[White "Golenia, Jan"]
[Black "Swiech, Joanna"]
[Result "1-0"]
[WhiteElo "2059"]
[BlackElo "1965"]
[PlyCount "87"]
[EventDate "2019.??.??"]

1. d4 d5 2. c4 e6 3. Nf3 Nf6 4. g3 b6 5. Bg2 Bb7 6. O-O Bd6 7. Nc3 a6 8. Qc2
Nbd7 9. Rd1 O-O 10. cxd5 exd5 11. Nh4 g6 12. Bg5 Be7 13. Rac1 Rc8 14. Qb3 c6
15. Bh3 b5 16. Nf3 Ra8 17. Ne5 Nxe5 18. dxe5 Nd7 19. Bh6 Nc5 20. Qc2 Re8 21. b4
Ne6 22. Bxe6 fxe6 23. Ne4 Qc7 24. Nf6+ Bxf6 25. exf6 Qf7 26. Bg7 e5 27. Rd3 e4
28. Rc3 Re6 29. Qd2 Rd8 30. Qd4 Rd7 31. a4 Red6 32. axb5 axb5 33. Ra1 Re6 34.
Ra7 Re8 35. Rca3 Re6 36. e3 Re8 37. Qb6 Rc8 38. Ra1 Rdc7 39. Bh6 Rd7 40. Bg7
Rdc7 41. Bh6 Rd7 42. h4 Re8 43. Bf4 Re6 44. Rxb7 1-0

[Event "XXIX Miedzynarodowy Festiwal Szachowy CRACOVIA-2018 Grupa A"]
[Site "Krakow, Hotel Galaxy, ul. Gesia 22a"]
[Date "2019.??.??"]
[Round "7.68"]
[White "Rosol, Alexander"]
[Black "Kulesza, Andrzej"]
[Result "1/2-1/2"]
[WhiteElo "1972"]
[BlackElo "1934"]
[PlyCount "78"]
[EventDate "2019.??.??"]

1. e4 c5 2. Nc3 Nc6 3. Bb5 Nd4 4. Bc4 g6 5. Nge2 Bg7 6. O-O e6 7. d3 Ne7 8. Bf4
d6 9. Nxd4 cxd4 10. Ne2 e5 11. Bd2 O-O 12. Qc1 b6 13. Bh6 Bb7 14. Bxg7 Kxg7 15.
Bb3 d5 16. Ng3 f6 17. Qd2 Qd6 18. Rfe1 dxe4 19. Nxe4 Bxe4 20. dxe4 Qc5 21. g3
Rad8 22. Kg2 f5 23. f3 f4 24. g4 g5 25. h4 h6 26. h5 Rc8 27. a3 Rfd8 28. Qd3
Nc6 29. Ba4 Ne7 30. Rec1 Qc4 31. Bb5 Qxd3 32. cxd3 Rxc1 33. Rxc1 Rc8 34. Rxc8
Nxc8 35. Kf2 Nd6 36. a4 Kf7 37. Ke2 Ke7 38. Kd2 Kd8 39. Kc2 Kc7 1/2-1/2

[Event "XXIX Miedzynarodowy Festiwal Szachowy CRACOVIA-2018 Grupa A"]
[Site "Krakow, Hotel Galaxy, ul. Gesia 22a"]
[Date "2019.01.02"]
[Round "7.25"]
[White "Lee, Qing Aun"]
[Black "Brozyna, Mateusz"]
[Result "1/2-1/2"]
[WhiteElo "2297"]
[BlackElo "2173"]
[Annotator "Leszek"]
[PlyCount "67"]
[EventDate "2019.??.??"]

1. e4 e5 2. Nf3 Nc6 3. d4 exd4 4. Nxd4 Bc5 5. Nxc6 Qf6 6. Qf3 dxc6 7. Nd2 Be6
8. Bc4 Ne7 9. Bxe6 Qxe6 10. Nb3 Bb6 11. O-O O-O 12. a4 a5 13. Be3 Ng6 14. Bxb6
cxb6 15. Qe3 Rfe8 16. Nd2 b5 17. f4 Qd7 18. Ra3 bxa4 19. Rd3 Qe7 20. Qf2 Rad8
21. e5 Qb4 22. Qe3 Rxd3 23. cxd3 Rd8 24. Nc4 Qb3 25. f5 Rxd3 26. Qe4 Rd1 27.
fxg6 hxg6 28. Qe2 Rxf1+ 29. Kxf1 Qb4 30. e6 Qe7 31. exf7+ Qxf7+ 32. Kg1 b5 33.
Nd6 Qd5 34. Qe8+ $11 1/2-1/2

[Event "XXIX Miedzynarodowy Festiwal Szachowy CRACOVIA-2018 Grupa A"]
[Site "Krakow, Hotel Galaxy, ul. Gesia 22a"]
[Date "2019.01.02"]
[Round "7.26"]
[White "Sahil, Tickoo"]
[Black "Chomczyk, Marek"]
[Result "1/2-1/2"]
[Annotator "Leszek"]
[PlyCount "84"]
[EventDate "2019.??.??"]

{[BlackTitle "k++"] [WhiteElo "2224"] [BlackElo "2294"]} 1. d4 Nf6 2. Bf4 d5 3.
e3 c5 4. c3 Qb6 5. Qc2 Nc6 6. Nd2 g6 7. dxc5 Qxc5 8. Ngf3 Bg7 9. h3 O-O 10. Nb3
Qb6 11. Nbd4 Nxd4 12. exd4 Bf5 13. Qb3 Qe6+ 14. Be2 Bd3 15. Qd1 Ba6 16. Be5 Nd7
17. Bxg7 Kxg7 18. Kf1 Rfe8 19. Qd2 Bxe2+ 20. Qxe2 Qxe2+ 21. Kxe2 e5 22. dxe5
Nxe5 23. Nxe5 Rxe5+ 24. Kd3 Rae8 25. Rad1 Kf6 26. Rd2 Re1 27. Rd1 R1e4 28. Kc2
Ra4 29. Kb3 Rf4 30. Rd2 Re5 31. Rhd1 Ke6 32. Kc2 a5 33. Kd3 Rfe4 34. Kc2 b5 35.
Rd4 f5 36. R1d2 h5 37. R4d3 g5 38. Rd4 g4 39. f3 Rxd4 40. cxd4 Re3 41. Rd3 Re1
42. Rd1 Rxd1 1/2-1/2

[Event "XXIX Miedzynarodowy Festiwal Szachowy CRACOVIA-2018 Grupa A"]
[Site "Krakow, Hotel Galaxy, ul. Gesia 22a"]
[Date "2019.01.02"]
[Round "7.27"]
[White "Lukasiewicz, Krzysztof"]
[Black "Reza, Wojciech"]
[Result "1/2-1/2"]
[WhiteElo "2223"]
[BlackElo "2287"]
[PlyCount "72"]
[EventDate "2019.??.??"]

1. e4 c5 2. Nf3 Nc6 3. d4 cxd4 4. Nxd4 e6 5. Nc3 Qc7 6. g3 a6 7. Bg2 Nf6 8. O-O
Nxd4 9. Qxd4 Bc5 10. Bf4 d6 11. Qd2 h6 12. Rad1 e5 13. Be3 Ke7 14. Nd5+ Nxd5
15. exd5 Bg4 16. Rc1 Rhe8 17. c4 a5 18. f4 Kf8 19. Kh1 Bh5 20. fxe5 Bxe3 21.
Qxe3 Rxe5 22. Qb3 b6 23. Rfe1 Rae8 24. Rxe5 Rxe5 25. Qb5 Qc5 26. Qd7 Kg8 27.
Rf1 Bg6 28. h4 h5 29. b3 Re2 30. g4 Qe3 31. gxh5 Rxg2 32. hxg6 Rxg6 33. Qxf7+
Kh7 34. Qf3 Qd4 35. Qh5+ Rh6 36. Qf5+ Kh8 1/2-1/2

[Event "XXIX Miedzynarodowy Festiwal Szachowy CRACOVIA-2018 Grupa A"]
[Site "Krakow, Hotel Galaxy, ul. Gesia 22a"]
[Date "2019.01.02"]
[Round "7.28"]
[White "Kulkarni, Bhakti"]
[Black "Razumovskiy, Mikhail"]
[Result "1-0"]
[Annotator "Leszek"]
[PlyCount "75"]
[EventDate "2019.??.??"]

{[WhiteElo "2283"] [BlackElo "1974"]} 1. e4 c5 2. c3 Nf6 3. e5 Nd5 4. d4 cxd4
5. Qxd4 e6 6. Nf3 Nc6 7. Qe4 d6 8. Bc4 dxe5 9. Nxe5 Nxe5 10. Qxe5 Qd6 11. Qd4
Nb6 12. Bb5+ Bd7 13. Bxd7+ Qxd7 14. Qxd7+ Nxd7 15. Ke2 Nf6 16. Nd2 Be7 17. Nf3
O-O 18. Rd1 Rfd8 19. Rxd8+ Rxd8 20. Be3 a6 21. Rd1 Nd5 22. c4 Nxe3 23. Rxd8+
Bxd8 24. fxe3 f5 25. b4 a5 26. a3 axb4 27. axb4 b6 28. Kd3 Bc7 29. Kd4 Kf7 30.
c5 bxc5+ 31. Kxc5 Ke7 32. Kc6 Kd8 33. b5 Kc8 34. b6 Bb8 35. Nd4 Bxh2 36. b7+
Kb8 37. Kb6 Bc7+ 38. Ka6 1-0

[Event "XXIX Miedzynarodowy Festiwal Szachowy CRACOVIA-2018 Grupa A"]
[Site "Krakow, Hotel Galaxy, ul. Gesia 22a"]
[Date "2019.01.02"]
[Round "7.31"]
[White "Toma, Katarzyna"]
[Black "Skawinski, Arkadiusz"]
[Result "1-0"]
[WhiteElo "2173"]
[BlackElo "2419"]
[PlyCount "55"]
[EventDate "2019.??.??"]

1. e4 e5 2. Nf3 Nc6 3. Bb5 a6 4. Ba4 Nf6 5. Qe2 b5 6. Bb3 Bc5 7. O-O d6 8. c3
O-O 9. Rd1 Bb6 10. d3 h6 11. Be3 Bxe3 12. fxe3 Na5 13. Bc2 c5 14. Nbd2 Rb8 15.
Rf1 b4 16. c4 Nc6 17. Ba4 Ne7 18. Nh4 Kh7 19. Rxf6 gxf6 20. Rf1 f5 21. Nxf5
Nxf5 22. exf5 Bb7 23. e4 Rg8 24. f6 Qa5 25. Bd7 Rg6 26. Bf5 Rbg8 27. Nf3 Bc8
28. Ng5+ 1-0

[Event "XXIX Miedzynarodowy Festiwal Szachowy CRACOVIA-2018 Grupa A"]
[Site "Krakow, Hotel Galaxy, ul. Gesia 22a"]
[Date "2019.01.02"]
[Round "7.35"]
[White "Leiter, Thomas"]
[Black "Zochowski, Kacper"]
[Result "1-0"]
[Annotator "Leszek"]
[PlyCount "79"]
[EventDate "2019.??.??"]

{[BlackTitle "k"] [WhiteElo "2151"] [BlackElo "2271"]} 1. d4 Nf6 2. c4 g6 3.
Nc3 Bg7 4. e4 d6 5. Nf3 O-O 6. Be2 e5 7. O-O Nc6 8. d5 Ne7 9. b4 Nh5 10. g3 f5
11. Ng5 Nf6 12. Bf3 fxe4 13. Ncxe4 Nf5 14. Bg2 Nxe4 15. Nxe4 a5 16. bxa5 Rxa5
17. a4 Nd4 18. Bg5 Qe8 19. Bd2 Ra7 20. a5 Bf5 21. Be3 Qd7 22. f3 Rfa8 23. Nf2
Qc8 24. g4 Bd7 25. Bd2 b6 26. Ne4 bxa5 27. Be3 a4 28. Ra3 Qa6 29. Qd3 Rb7 30.
f4 Rb3 31. Rxb3 axb3 32. fxe5 dxe5 33. d6 Rc8 34. Bxd4 exd4 35. Ng5 c6 36. Qxb3
h6 37. c5+ Kh8 38. Qf7 Bxg4 39. Qxg6 hxg5 40. Be4 1-0

[Event "XXIX Miedzynarodowy Festiwal Szachowy CRACOVIA-2018 Grupa A"]
[Site "Krakow, Hotel Galaxy, ul. Gesia 22a"]
[Date "2019.01.02"]
[Round "7.36"]
[White "Eggink, Mateusz"]
[Black "Krallis, Christos"]
[Result "1-0"]
[Annotator "Leszek"]
[PlyCount "61"]
[EventDate "2019.??.??"]

{[WhiteElo "2138"] [BlackElo "2261"]} 1. d4 Nf6 2. Bf4 d5 3. e3 c5 4. c3 Nc6 5.
Nd2 e6 6. Ngf3 Bd6 7. Bg3 O-O 8. Bb5 Ne7 9. Bd3 cxd4 10. cxd4 b6 11. Ne5 Bb7
12. O-O Nf5 13. Rc1 Nxg3 14. hxg3 Bxe5 15. dxe5 Nd7 16. f4 Rc8 17. b4 Qe7 18.
Qb3 f6 19. exf6 Nxf6 20. Nf3 Ne4 21. Bxe4 dxe4 22. Ne5 Bd5 23. Qa4 Qb7 24. a3
Rfd8 25. Rfd1 b5 26. Qa5 a6 27. Rc5 Re8 28. Rdc1 Rxc5 29. Rxc5 Rc8 30. Qb6 Qxb6
31. Rxc8+ 1-0

[Event "XXIX Miedzynarodowy Festiwal Szachowy CRACOVIA-2018 Grupa A"]
[Site "Krakow, Hotel Galaxy, ul. Gesia 22a"]
[Date "2019.01.02"]
[Round "7.37"]
[White "Milikow, Yoav"]
[Black "Mis, Mieszko"]
[Result "1/2-1/2"]
[Annotator "Leszek"]
[PlyCount "41"]
[EventDate "2019.??.??"]

{[BlackTitle "FM"] [WhiteElo "2130"] [BlackElo "2260"]} 1. d4 Nf6 2. c4 e6 3.
Nc3 Bb4 4. e3 O-O 5. Nge2 c6 6. a3 Ba5 7. c5 d5 8. cxd6 Qxd6 9. b4 Bc7 10. g3
e5 11. Bg2 Re8 12. O-O e4 13. Qc2 Bf5 14. d5 Nxd5 15. Rd1 Nd7 16. Nf4 N7f6 17.
Bb2 Rad8 18. Nfxd5 Nxd5 19. Bf1 Bb6 20. Bc4 Qe6 21. Qb3 $11 1/2-1/2

[Event "XXIX Miedzynarodowy Festiwal Szachowy CRACOVIA-2018 Grupa A"]
[Site "Krakow, Hotel Galaxy, ul. Gesia 22a"]
[Date "2019.01.02"]
[Round "7.38"]
[White "Martynyuk, Elizaveta"]
[Black "Chmiel, Marcin"]
[Result "0-1"]
[WhiteElo "2128"]
[BlackElo "2247"]
[PlyCount "58"]
[EventDate "2019.??.??"]

1. e4 c6 2. Nc3 d5 3. Nf3 Bg4 4. h3 Bxf3 5. Qxf3 Nf6 6. e5 Nfd7 7. d4 e6 8. Be3
c5 9. Qg3 Nc6 10. O-O-O cxd4 11. Bxd4 Rc8 12. f4 g6 13. h4 h5 14. Bf2 Qa5 15.
a3 a6 16. Bd3 Bxa3 17. Nxd5 exd5 18. bxa3 Qxa3+ 19. Kd2 Nb4 20. e6 Qc3+ 21. Ke2
Nf6 22. exf7+ Kf8 23. Qxg6 Rc6 24. Rh3 Nxd3 25. Rhxd3 Ne4 26. Bd4 Qxc2+ 27.
R1d2 Qxd2+ 28. Rxd2 Rxg6 29. Rc2 Rxg2+ 0-1

[Event "XXIX Miedzynarodowy Festiwal Szachowy CRACOVIA-2018 Grupa A"]
[Site "Krakow, Hotel Galaxy, ul. Gesia 22a"]
[Date "2019.01.02"]
[Round "7.39"]
[White "Jaskolka, Tomasz"]
[Black "Sanz Wawer, Daniel"]
[Result "1-0"]
[WhiteElo "2222"]
[BlackElo "2127"]
[Annotator "Leszek"]
[PlyCount "83"]
[EventDate "2019.??.??"]

1. d4 Nf6 2. Bf4 d5 3. e3 e6 4. c4 c5 5. Nd2 Nc6 6. Ngf3 cxd4 7. exd4 Nh5 8.
Be3 Bd6 9. Ne5 g6 10. g4 Nf6 11. f4 Qb6 12. g5 Nh5 13. Qb3 Qxb3 14. axb3 f6 15.
gxf6 Nxf6 16. Bd3 O-O 17. O-O-O Ne7 18. Rhg1 Nh5 19. Rdf1 Nf5 20. Bxf5 Rxf5 21.
Rg5 b6 22. Rxf5 exf5 23. Kc2 Bb7 24. Nef3 Nf6 25. Rg1 Kf8 26. Bf2 Ne4 27. Bh4
Re8 28. Ra1 Ra8 29. Rg1 Rc8 30. Bg5 Nxg5 31. Nxg5 Be5 32. dxe5 h6 33. Ngf3 Kf7
34. Kd3 Rg8 35. h4 Bc8 36. Ra1 a6 37. Kd4 Ke6 38. Rg1 Kf7 39. b4 Ke8 40. e6
Bxe6 41. Ne5 Kf8 42. Rxg6 {Zapis nieczytelny} 1-0

[Event "XXIX Miedzynarodowy Festiwal Szachowy CRACOVIA-2018 Grupa A"]
[Site "Krakow, Hotel Galaxy, ul. Gesia 22a"]
[Date "2019.01.02"]
[Round "7.41"]
[White "Malicka, Maria"]
[Black "Wojciechowski, Piotr"]
[Result "0-1"]
[WhiteElo "2013"]
[BlackElo "2210"]
[Annotator "Leszek"]
[PlyCount "73"]
[EventDate "2019.??.??"]

1. e4 c5 2. Nf3 e6 3. d4 cxd4 4. Nxd4 Nf6 5. Nc3 Qc7 6. Be2 a6 7. O-O Nc6 8.
Be3 Bb4 9. Na4 Be7 10. Nxc6 bxc6 11. Qd3 O-O 12. c4 c5 13. Nc3 Rb8 14. b3 Bb7
15. f4 d6 16. Rad1 Rbd8 17. Bf3 Nd7 18. g4 Nb8 19. Rd2 Nc6 20. Rg2 Bf6 21. g5
Nb4 22. Qd2 Bxc3 23. Qxc3 Rfe8 24. a3 Nc6 25. b4 e5 26. f5 Nd4 27. Bxd4 exd4
28. Qd3 Re5 29. Rg4 Rde8 30. Bg2 Bc6 31. f6 Bd7 32. Rg3 Be6 33. Rd1 Rb8 34.
fxg7 cxb4 35. axb4 Rxb4 36. Qxd4 Qxc4 37. Qxc4 {Zapis nieczytelny} 0-1

[Event "XXIX Miedzynarodowy Festiwal Szachowy CRACOVIA-2018 Grupa A"]
[Site "Krakow, Hotel Galaxy, ul. Gesia 22a"]
[Date "2019.01.02"]
[Round "7.44"]
[White "Kyc, Jerzy"]
[Black "Marusenko, Petr"]
[Result "1/2-1/2"]
[WhiteElo "2280"]
[BlackElo "2163"]
[PlyCount "73"]
[EventDate "2019.??.??"]

1. e4 c6 2. d4 d5 3. Nc3 dxe4 4. Nxe4 Nd7 5. Nf3 Ngf6 6. Ng3 c5 7. Bc4 e6 8.
O-O Qc7 9. d5 Nb6 10. Bb5+ Bd7 11. Bxd7+ Qxd7 12. dxe6 fxe6 13. Ng5 e5 14. Qe2
O-O-O 15. Qxe5 Bd6 16. Qe6 Rhe8 17. Qxd7+ Rxd7 18. Nf5 Re2 19. c3 Bc7 20. Nf3
Ng4 21. b4 Na4 22. bxc5 Nxc3 23. a3 Ne5 24. N3d4 Ra2 25. Be3 Rxa1 26. Rxa1 Kb8
27. g4 g6 28. Nd6 Bxd6 29. cxd6 Nd5 30. Bh6 a6 31. Bf8 Nf7 32. Ne6 Nxd6 33. Nc5
Rd8 34. Ne6 Rd7 35. Nc5 Rd8 36. Ne6 Rd7 37. Nc5 1/2-1/2

[Event "XXIX Miedzynarodowy Festiwal Szachowy CRACOVIA-2018 Grupa A"]
[Site "Krakow, Hotel Galaxy, ul. Gesia 22a"]
[Date "2019.01.02"]
[Round "7.45"]
[White "Gbyl, Andrzej"]
[Black "Luba, Lukasz"]
[Result "0-1"]
[WhiteElo "2266"]
[BlackElo "2135"]
[PlyCount "80"]
[EventDate "2019.??.??"]

1. d4 Nf6 2. Nf3 d6 3. c4 h6 4. Nc3 Nbd7 5. g3 c6 6. Bg2 Qc7 7. O-O g5 8. e4 e5
9. Re1 Be7 10. b4 Nf8 11. Bb2 Ng6 12. c5 Bg4 13. Rc1 dxc5 14. bxc5 Rd8 15. d5
Bxc5 16. Qc2 Rc8 17. h3 Bd7 18. Qd2 O-O 19. dxc6 Bxc6 20. Nd5 Bxd5 21. exd5 Nd7
22. h4 g4 23. h5 gxf3 24. hxg6 fxg6 25. Qxh6 Bxf2+ 26. Kh2 Nc5 27. Rxc5 Bxc5
28. Bh3 Rce8 29. Qxg6+ Qg7 30. Be6+ Rxe6 31. Qxe6+ Rf7 32. Qc8+ Bf8 33. Rxe5
Qh6+ 34. Qh3 Qxh3+ 35. Kxh3 f2 36. Rg5+ Kh7 37. Rh5+ Kg6 38. Kg4 f1=Q 39. Rg5+
Kh7 40. Rh5+ Bh6 0-1

[Event "XXIX Miedzynarodowy Festiwal Szachowy CRACOVIA-2018 Grupa A"]
[Site "Krakow, Hotel Galaxy, ul. Gesia 22a"]
[Date "2019.01.02"]
[Round "7.46"]
[White "Rakhmangulova, Anastasiya"]
[Black "Englert, Jan"]
[Result "1/2-1/2"]
[Annotator "Leszek"]
[PlyCount "109"]
[EventDate "2019.??.??"]

{[WhiteElo "2233"] [BlackElo "2106"]} 1. d4 d6 2. Bf4 Nf6 3. h3 Nbd7 4. Nf3 e6
5. e3 Be7 6. Bd3 O-O 7. O-O c5 8. c3 b6 9. e4 Bb7 10. e5 dxe5 11. dxe5 Nd5 12.
Bg3 Qc8 13. Qe2 Rd8 14. a3 Nf8 15. c4 Nc7 16. Nc3 Bc6 17. h4 Qb7 18. h5 h6 19.
Rad1 a6 20. a4 Rab8 21. Be4 b5 22. Rxd8 Bxd8 23. axb5 axb5 24. b3 Be7 25. Nd2
bxc4 26. bxc4 Rd8 27. Rb1 Qa8 28. Bf4 Bxe4 29. Ncxe4 Nd7 30. Qe3 Bf8 31. g4 Rb8
32. Rxb8 Qxb8 33. g5 hxg5 34. Nxg5 Be7 35. Qg3 Bxg5 36. Qxg5 Kh8 37. Kh2 Qf8
38. Ne4 f6 39. exf6 gxf6 40. Nxf6 Qxf6 41. Qxf6+ Nxf6 42. Bxc7 Ne4 43. Kg2 Nd2
44. Kg3 Nxc4 45. Kf4 Kh7 46. Ke4 Kh6 47. Kd3 Na3 48. Bb6 Kxh5 49. Bxc5 Nb5 50.
Ke4 Kg4 51. Bb4 Nc7 52. f3+ Kh3 53. Bd6 Nd5 54. Be5 Kg2 55. Bd4 1/2-1/2

[Event "XXIX Miedzynarodowy Festiwal Szachowy CRACOVIA-2018 Grupa A"]
[Site "Krakow, Hotel Galaxy, ul. Gesia 22a"]
[Date "2019.01.02"]
[Round "7.48"]
[White "Om, Kharola"]
[Black "Kumala, Aleksander"]
[Result "1/2-1/2"]
[Annotator "Leszek"]
[PlyCount "120"]
[EventDate "2019.??.??"]

{[BlackTitle "k"] [WhiteElo "2080"] [BlackElo "2198"]} 1. e4 e6 2. d4 d5 3. Bd3
dxe4 4. Bxe4 Nf6 5. Bf3 c5 6. Ne2 Nc6 7. Be3 Nd5 8. c4 Nxe3 9. fxe3 Qg5 10. Qd2
Bd7 11. Nbc3 cxd4 12. exd4 Qxd2+ 13. Kxd2 O-O-O 14. Rad1 g6 15. Rhf1 f5 16. Kc2
Bg7 17. Nb5 Kb8 18. Nd6 Rhf8 19. Kb1 e5 20. dxe5 Bxe5 21. Nb5 Be6 22. b3 Rxd1+
23. Rxd1 Rd8 24. Rxd8+ Nxd8 25. g3 h5 26. Nbd4 Bd7 27. Kc2 h4 28. gxh4 Bxh2 29.
h5 gxh5 30. Bxh5 Nc6 31. Bf3 Nb4+ 32. Kb2 Be5 33. a3 Nc6 34. Kc3 Bf6 35. Bg2
Kc7 36. Kd3 Ne5+ 37. Kc2 a6 38. Bh3 Ng4 39. Kd2 Bg5+ 40. Kc3 Kd6 41. Bg2 Bc8
42. c5+ Kxc5 43. Bxb7 Bxb7 44. Ne6+ Kd6 45. Nxg5 Ne3 46. Nh3 Ke5 47. Nhf4 Nd5+
48. Nxd5 Bxd5 49. b4 Bc6 50. Nd4 Bb5 51. Nxf5 Kxf5 52. Kb3 Ke4 53. a4 Kd3 54.
axb5 axb5 55. Ka2 Kc3 56. Ka1 Kxb4 57. Kb2 Kc4 58. Kc2 b4 59. Kb2 b3 60. Kb1
Kc3 1/2-1/2

[Event "XXIX Miedzynarodowy Festiwal Szachowy CRACOVIA-2018 Grupa A"]
[Site "Krakow, Hotel Galaxy, ul. Gesia 22a"]
[Date "2019.01.02"]
[Round "7.49"]
[White "Jansen, Bob"]
[Black "Domanski, Lukasz"]
[Result "0-1"]
[Annotator "Leszek"]
[PlyCount "71"]
[EventDate "2019.??.??"]

{[BlackTitle "k"] [WhiteElo "2192"] [BlackElo "2069"]} 1. d4 d6 2. Bf4 c5 3. d5
Qb6 4. Nc3 Qxb2 5. Bd2 Qb6 6. e4 Nf6 7. f4 e5 8. fxe5 dxe5 9. Nf3 Bd6 10. Bc4
a6 11. O-O Bg4 12. h3 Bh5 13. g4 Bg6 14. Nh4 Nbd7 15. Qf3 O-O 16. Nf5 Bxf5 17.
gxf5 Qb4 18. Qd3 b5 19. Nxb5 axb5 20. Bxb4 bxc4 21. Qd2 cxb4 22. Kh1 Nc5 23.
Rg1 Ncxe4 24. Qg2 g6 25. Rae1 Nc5 26. Qg5 Kg7 27. h4 Ra3 28. Re3 Nce4 29. Rxe4
Nxe4 30. f6+ Nxf6 31. Qg2 e4 32. h5 Nxh5 33. Qxe4 Ng3+ 34. Rxg3 Rxg3 35. Qd4+
Kg8 36. Qf6 {Zapis nieczytelny} 0-1

[Event "XXIX Miedzynarodowy Festiwal Szachowy CRACOVIA-2018 Grupa A"]
[Site "Krakow, Hotel Galaxy, ul. Gesia 22a"]
[Date "2019.01.02"]
[Round "7.56"]
[White "Tomaszewski, Roman"]
[Black "Milikow, Elie"]
[Result "1-0"]
[Annotator "Leszek"]
[PlyCount "79"]
[EventDate "2019.??.??"]

{[WhiteElo "2216"] [BlackElo "2083"]} 1. Nf3 d5 2. d4 Nf6 3. g3 g6 4. Bg2 Bg7
5. O-O O-O 6. c3 c6 7. Nbd2 Bf5 8. Re1 Nbd7 9. Nh4 Ne8 10. Nxf5 gxf5 11. Nf3 e6
12. e3 Nd6 13. Bf1 c5 14. a4 Re8 15. Nh4 cxd4 16. exd4 Nf8 17. Ng2 Ng6 18. Bd3
a5 19. Qh5 Qb6 20. Kh1 Ne4 21. Rf1 Re7 22. f3 Nd6 23. Qg5 Ne8 24. g4 Bf6 25.
Qh5 fxg4 26. fxg4 Bg7 27. Bg5 Rc7 28. Rab1 Nd6 29. Bf4 Re7 30. Bxd6 Qxd6 31. g5
Qc7 32. Rf3 e5 33. Rh3 e4 34. Qxh7+ Kf8 35. Be2 Nf4 36. Nxf4 Qxf4 37. Rf1 Qxg5
38. Rg1 Qf6 39. Rhg3 Rc7 40. Rxg7 {Zapis nieczytelny} 1-0

[Event "XXIX Miedzynarodowy Festiwal Szachowy CRACOVIA-2018 Grupa A"]
[Site "Krakow, Hotel Galaxy, ul. Gesia 22a"]
[Date "2019.01.02"]
[Round "7.59"]
[White "Dmochowska, Agnieszka"]
[Black "Turski, Bartlomiej"]
[Result "1/2-1/2"]
[WhiteElo "2151"]
[BlackElo "1924"]
[PlyCount "80"]
[EventDate "2019.??.??"]

1. d4 Nf6 2. c4 g6 3. Nc3 Bg7 4. e4 d6 5. Nf3 O-O 6. Be2 Nbd7 7. O-O e5 8. a4
exd4 9. Nxd4 Nc5 10. f3 a5 11. Be3 Qe7 12. Nb3 Nxb3 13. Qxb3 Nd7 14. Nd5 Qd8
15. Rad1 Nc5 16. Qc2 b6 17. b3 Be6 18. Bf4 Bxd5 19. Rxd5 Qf6 20. Bd2 c6 21. Bg5
Qe6 22. Rd2 f5 23. exf5 Rxf5 24. Bh4 Re8 25. Bd1 Be5 26. Re2 Rh5 27. Bg3 Bxg3
28. Rxe6 Bxh2+ 29. Kf2 Rxe6 30. g3 Rg5 31. g4 h5 32. Kg2 Bf4 33. Qb2 Re3 34.
Qf6 Nd3 35. Qd8+ Kg7 36. Qd7+ Kg8 37. Qd8+ Kf7 38. Qc7+ Kg8 39. Qd8+ Kg7 40.
Qc7+ Kg8 1/2-1/2

[Event "XXIX Miedzynarodowy Festiwal Szachowy CRACOVIA-2018 Grupa A"]
[Site "Krakow, Hotel Galaxy, ul. Gesia 22a"]
[Date "2019.01.02"]
[Round "7.61"]
[White "Trybus, Daniel"]
[Black "Parol, Pola"]
[Result "0-1"]
[WhiteElo "1916"]
[BlackElo "2114"]
[PlyCount "38"]
[EventDate "2019.??.??"]

1. e4 c5 2. Nf3 d6 3. Bb5+ Nc6 4. d4 cxd4 5. Qxd4 a6 6. Ba4 b5 7. Qc3 Bb7 8.
Bb3 Nf6 9. O-O Nxe4 10. Qe3 d5 11. Rd1 e6 12. Nd4 Bc5 13. c3 e5 14. f3 exd4 15.
Qe1 O-O 16. fxe4 dxe4 17. Qxe4 Na5 18. Qf5 Nxb3 19. axb3 dxc3+ 0-1

[Event "XXIX Miedzynarodowy Festiwal Szachowy CRACOVIA-2018 Grupa A"]
[Site "Krakow, Hotel Galaxy, ul. Gesia 22a"]
[Date "2019.01.02"]
[Round "7.62"]
[White "Patil, Mitali"]
[Black "Gokhale, Anupama"]
[Result "1/2-1/2"]
[WhiteElo "2081"]
[BlackElo "2009"]
[PlyCount "77"]
[EventDate "2019.??.??"]

1. d4 Nf6 2. Nf3 e6 3. e3 c5 4. b3 d5 5. Bb2 cxd4 6. exd4 Nc6 7. Nbd2 g6 8. Be2
Bg7 9. O-O O-O 10. Ne5 Nxe5 11. dxe5 Nd7 12. f4 b5 13. Nf3 a6 14. Qd2 Bb7 15.
a4 bxa4 16. Rxa4 Nc5 17. Ra2 Qc7 18. Qa5 Qxa5 19. Rxa5 Rfc8 20. Rfa1 Nxb3 21.
cxb3 Rc2 22. Bxa6 Rxa6 23. Bd4 Rxa5 24. Rxa5 Bf8 25. Ra7 Rc7 26. Kf2 Be7 27.
Bb6 Rd7 28. Ke3 Kf8 29. Kd4 Ke8 30. g4 h5 31. g5 Bc6 32. Ne1 Rxa7 33. Bxa7 Bb5
34. Nc2 Kd7 35. b4 Ba4 36. Ne1 Bxb4 37. Nd3 Be7 38. Nc5+ Bxc5+ 39. Kxc5 1/2-1/2

[Event "XXIX Miedzynarodowy Festiwal Szachowy CRACOVIA-2018 Grupa A"]
[Site "Krakow, Hotel Galaxy, ul. Gesia 22a"]
[Date "2019.01.02"]
[Round "7.63"]
[White "Golecki, Jan"]
[Black "Musial, Tomasz"]
[Result "1/2-1/2"]
[WhiteElo "2064"]
[BlackElo "1995"]
[PlyCount "89"]
[EventDate "2019.??.??"]

1. d4 Nf6 2. Nc3 e6 3. Bg5 Bb4 4. Nf3 h6 5. Bxf6 Qxf6 6. e4 d5 7. Bd3 dxe4 8.
Bxe4 O-O 9. O-O Nd7 10. Ne2 Qe7 11. c3 Bd6 12. Ng3 Nf6 13. Bc2 b6 14. Qe1 Bxg3
15. hxg3 Bb7 16. Qe2 c5 17. Rad1 Rfd8 18. dxc5 Qxc5 19. Ne5 Qc7 20. Bb3 Bd5 21.
Bxd5 Rxd5 22. Rxd5 Nxd5 23. Rd1 Rd8 24. Qh5 g6 25. Qh4 Re8 26. Ng4 h5 27. Rxd5
exd5 28. Nf6+ Kf8 29. Nxe8 Kxe8 30. Qd4 Qd7 31. Qe5+ Kf8 32. Qh8+ Ke7 33. Qe5+
Kf8 34. Qd4 Qe6 35. Kf1 Qf5 36. Qd1 Qe4 37. b3 Kg7 38. Kg1 Kf6 39. Qd2 Qe5 40.
Kf1 Ke6 41. Qe2 f6 42. Ke1 Kd6 43. Kd2 Qe4 44. f3 Qe5 45. Qf2 1/2-1/2

[Event "XXIX Miedzynarodowy Festiwal Szachowy CRACOVIA-2018 Grupa A"]
[Site "Krakow, Hotel Galaxy, ul. Gesia 22a"]
[Date "2019.01.02"]
[Round "7.65"]
[White "Hetzer, Volkhard"]
[Black "Chyzy, Jakub"]
[Result "0-1"]
[Annotator "Leszek"]
[PlyCount "56"]
[EventDate "2019.??.??"]

{[BlackTitle "k"] [WhiteElo "1916"] [BlackElo "2045"]} 1. d4 d5 2. Nf3 Nf6 3.
e3 e6 4. Nbd2 Nbd7 5. Bd3 Bd6 6. c4 b6 7. b3 Bb7 8. Bb2 O-O 9. O-O Ne4 10. Rc1
f5 11. Qe2 Qe8 12. Rfd1 Qh5 13. Ne5 Qh6 14. Nf1 Nxe5 15. dxe5 Bc5 16. f3 Ng5
17. Bd4 Ba3 18. Rc2 c5 19. Ba1 f4 20. Qf2 fxe3 21. Nxe3 Rxf3 22. gxf3 Nh3+ 23.
Kf1 Nxf2 24. Kxf2 d4 25. Nf1 Rf8 26. Be2 Bxf3 27. Bxf3 Rxf3+ 28. Kxf3 Qh5+ 0-1

[Event "XXIX Miedzynarodowy Festiwal Szachowy CRACOVIA-2018 Grupa A"]
[Site "Krakow, Hotel Galaxy, ul. Gesia 22a"]
[Date "2019.01.02"]
[Round "7.66"]
[White "Meers, Hubert"]
[Black "Moscicka, Pola"]
[Result "1-0"]
[WhiteElo "2009"]
[BlackElo "1950"]
[PlyCount "77"]
[EventDate "2019.??.??"]

1. e4 c5 2. Nf3 Nc6 3. d4 cxd4 4. Nxd4 Nf6 5. Nc3 e5 6. Ndb5 d6 7. Bg5 a6 8.
Na3 b5 9. Nd5 Be7 10. Bxf6 Bxf6 11. c3 O-O 12. Nc2 Bg5 13. a4 bxa4 14. Rxa4 a5
15. b4 Bd7 16. b5 Na7 17. c4 Nc8 18. Be2 Nb6 19. Nxb6 Qxb6 20. O-O Kh8 21. Qd3
f5 22. Rd1 fxe4 23. Qg3 Bf4 24. Qa3 Bxh2+ 25. Kxh2 Qxf2 26. Qc3 Qh4+ 27. Kg1
Rf6 28. Ra3 Rh6 29. Qg3 Qe7 30. Rda1 Rf8 31. Rxa5 d5 32. Ra8 Be8 33. Rf1 Rxf1+
34. Bxf1 d4 35. c5 Re6 36. c6 Qc5 37. Qa3 Qxa3 38. Nxa3 d3 39. c7 1-0